000 00592cam a2200193 a 4500
001 000002081
005 20200929145826.0
008 790507s1976 ve b f000 0 spa
040 _aDO-SdBNP
_bspa
_cBNPHU
082 _bC247l
100 1 _aCappelletti, Angel J.
_96693
245 1 0 _aLao-tse y Chuang-tse /
_cAngel J. Cappelletti.
260 _aCaracas :
_bGobernación del Distrito Federal,
_c1976.
300 _a112 p. ;
_c15 cm.
440 0 _aCuadernos de difusión ;
_vno. 8
_96694
504 _aIncluye referencias bibilográficas.
600 0 0 _aLaozi.
_96695
600 0 0 _aZhuangzi.
_96696
999 _c1941
_d1941